000 00487 a2200193 4500
005 20250512110432.0
008 250509b |||||||| |||| 00| 0 eng d
020 _a9781835353424
_c£ 160.00
040 _aMAIN
082 _a571.6381
_bY18I
100 _aYaohu K
245 _aIntroduction to animal cell structure
260 _bE-Tech Press
_c2025
_aLondon
300 _aviii, 304
650 _aBiology
650 _aCell Culture
650 _aAnimal Cell Culture
942 _cBK
999 _c358397
_d358397